Nové prístupy k ohodnoteniu podnikov diplomová práca

Saved in:
Bibliographic Details
Main Author: Sopúch, Peter
Corporate Author: Fakulta podnikového manažmentu EU. Katedra podnikovohospodárska
Other Authors: Jakubec, Miroslav
Format: Book
Language:Slovak
Published: Bratislava 2011
Tags: Add Tag
No Tags, Be the first to tag this record!

MARC

LEADER 00000nbm a2200000 4500
001 0131613
005 20161109101719.1
041 0 |a slo 
044 |a SK 
245 1 0 |a Nové prístupy k ohodnoteniu podnikov  |b diplomová práca  |c Peter Sopúch ; školiteľ: Miroslav Jakubec 
264 1 |a Bratislava  |c 2011 
300 |a 65 s. 
100 1 |a Sopúch, Peter 
700 1 |a Jakubec, Miroslav 
710 2 |a Fakulta podnikového manažmentu EU. Katedra podnikovohospodárska